Total competitiveness : the 7 key questions for re-engineering - where you are, where you want to be and how to get there
Αποθηκεύτηκε σε:
| Κύριος συγγραφέας: | |
|---|---|
| Μορφή: | Βιβλίο |
| Γλώσσα: | English |
| Δημοσίευση: |
London, New York :
McGraw-Hill,
c1995
|
| Ετικέτες: |
Προσθήκη ετικέτας
Δεν υπάρχουν, Καταχωρήστε ετικέτα πρώτοι!
|
MARC
| LEADER | 00000nam a2200000 i 4500 | ||
|---|---|---|---|
| 001 | 1/50318 | ||
| 008 | 970116s1995 eng d | ||
| 020 | |a 0-07-707992-2 | ||
| 035 | |l 10026983 | ||
| 040 | |a GR-MY-UA |b gre |e aacr | ||
| 041 | 0 | |a eng | |
| 082 | 0 | |a 658.4012 | |
| 100 | 1 | |a Hardaker, Maurice |d 1931- | |
| 245 | 1 | 0 | |a Total competitiveness : |b the 7 key questions for re-engineering - where you are, where you want to be and how to get there / |c Maurice Hardaker |
| 260 | |a London, New York : |b McGraw-Hill, |c c1995 | ||
| 300 | |a x, 252 p. | ||
| 500 | |a Includes index | ||
| 852 | |a INST |b CHIOS |e 19970116 |h 658.4012 HAR |p 005200010879 |q 005200010879 |t BK |y 0 | ||
| 909 | |a Χ |b 048940 | ||